Norma chilena de transporte

Uloženo v:
Podrobná bibliografie
Korporativní autor: Instituto Nacional de Normalización (Autor)
Médium: Kniha
Jazyk:španělština
Vydáno: Santiago INN 1979
Témata:
Tagy: Přidat tag
Žádné tagy, Buďte první, kdo vytvoří štítek k tomuto záznamu!

MARC

LEADER 00000nam a2200000 a 4500
001 UCV4655
003 CL-VaPUC
008 910326e19790000CL |||||||||||||||||spa|d
082 0 4 |a 629.22  |b INS  |2 21 
110 2 |a Instituto Nacional de Normalización  |e author  |9 298845 
245 1 0 |a Norma chilena de transporte 
246 1 0 |a NCh 1616: Vehículos de carretera - semirremolques, perno real - requisitos 
300 |a 6 p 
942 |c BK 
945 |d 19910326 00:00:00 
260 |a Santiago  |b INN  |c 1979 
650 0 |a Vehículos de motor  |9 428686 
650 7 |a TRANSPORTE TERRESTRE  |2 CL-VaPUC  |9 298847 
650 7 |a NORMAS  |2 CL-VaPUC  |9 259606 
583 |a last modification  |c 19910326 00:00:00  |k Rodrigo Vera 
999 |c 211373  |d 211371 
952 |0 0  |1 0  |4 0  |6 629_220000000000000_INS_1979  |7 0  |8 X  |9 190478  |a BIBING  |b BIBING  |d 2019-11-14  |i 2582678  |o 629.22 INS 1979  |p 2582678  |r 2025-01-20  |w 2019-11-14  |y BK_X  |k TRA